Birds: a guide to the most familiar american birds
Guardat en:
| Autors principals: | , |
|---|---|
| Format: | Llibre |
| Idioma: | anglès |
| Publicat: |
Nueva York
Simon and Schuster
1956
|
| Col·lecció: | Golden Nature Guide
|
| Matèries: | |
| Etiquetes: |
Afegir etiqueta
Sense etiquetes, Sigues el primer a etiquetar aquest registre!
|
MARC
| LEADER | 00000nam a2200000 a 4500 | ||
|---|---|---|---|
| 001 | UCU4210 | ||
| 003 | CL-VaPUC | ||
| 008 | 960517e19560000US |||||||||||||||||eng|d | ||
| 082 | 0 | 4 | |a 598.297 |b ZIM |2 21 |
| 100 | 0 | |a Zim, Herbert S |e author |9 361715 | |
| 700 | 0 | |a Gabrielson, Ira N |e author |9 361716 | |
| 245 | 1 | 0 | |a Birds: a guide to the most familiar american birds |
| 300 | |a 160 p | ||
| 942 | |c BK | ||
| 945 | |d 19960517 00:00:00 |a lriquelm | ||
| 260 | |a Nueva York |b Simon and Schuster |c 1956 | ||
| 650 | 0 | |a Aves |9 262192 | |
| 650 | 0 | |a Vertebrados |9 320144 | |
| 650 | 0 | |a Animales |9 269820 | |
| 650 | 7 | |a RECURSOS ANIMALES |2 CL-VaPUC |9 357360 | |
| 583 | |a last modification |c 19960517 00:00:00 |k Rodrigo Vera | ||
| 490 | 0 | |a Golden Nature Guide | |
| 999 | |c 248006 |d 248004 | ||